Obálka Náhled e-knihy:
Epub
Pro půjčování e-knih musíte být přihlášeni.
Jak si půjčit online?

Emma /

Jane Austen famously "I am going to take a heroine whom no one but myself will much like."Emma Woodhouse is perhaps Jane Austen’s most seductive and complicated character, filled with intrigue and uniqueness. Despite having decided to never marry, precocious Emma Woodhouse is a self procla...

Celý popis

Uloženo v:
Hlavní autor: Austen, Jane (Autor)
Médium: E-kniha
Jazyk:Czech
Vydáno: Praha : Saga Egmont, 2021
Tagy:
Žádné tagy
LEADER 01834nam a22002297i 4500
001 312250
007 ta
008 260601s2021 xr ||||| |||| 00| 0 cze d
020 |a 9990003952707 
044 |a xr 
100 1 |a  Austen, Jane  |4 aut 
245 1 0 |a Emma /  |c  Austen, Jane 
264 1 |a Praha :  |b Saga Egmont,  |c 2021 
300 |a 1 online zdroj (286 stran) 
336 |a text  |b txt  |2 rdacontent 
337 |a bez média  |b n  |2 rdamedia 
338 |a online zdroj  |b cr  |2 rdacarrier 
520 2 |a Jane Austen famously "I am going to take a heroine whom no one but myself will much like."Emma Woodhouse is perhaps Jane Austen’s most seductive and complicated character, filled with intrigue and uniqueness. Despite having decided to never marry, precocious Emma Woodhouse is a self proclaimed cupid that has taken it upon herself to help her friends find eligible matches. As it becomes evident that the judgement of her matchmaking abilities is misplaced, Emma finds herself at the heart of several romantic misadventures.‘Emma’ is a novel about adolescent arrogance and the complicated nature of romantic relations. Commenting on 19th-century English society, ‘Emma’ is filled with Austen’s literary wit and rich and memorable characters, making it the forerunner for contemporary romances. ‘Emma’ has been adapted for a modern audience several times, most recently in the 2020 Hollywood comedy-drama, starring Anya Taylor-Joy and Johnny Flynn. 
910 |a RBIT002 
998 |d 395270  |a https://core.palmknihy.cz/api/books/395270/cover?spq3t8  |b https://core.palmknihy.cz/api/books/395270/cover/400?spq3t8  |c https://core.palmknihy.cz/api/books/395270/cover/50?spq3t8  |e   |g 286  |i 9990003952707  |j https://core.palmknihy.cz/api/books/395270/preview.epub  |l   |q 49  |r 1  |s https://www.palmknihy.cz/kniha/395270  |t ebook  |y 2021  |z 1 
999 |d 312248